000 00638nam a22002297a 4500
999 _c458645
_d458645
001 5150453
003 UA-OsUOA
005 20200401104450.0
008 200401b un ||||| |||| 00| 0 ukr d
040 _aUA-OsUOA
_bukr
_cUA-OsUOA
_dUA-OsUOA
041 _aukr
080 _a821.161.1
090 _a821.161.1
_bД66
100 _aДомогацких М
245 _aЮжные реки Бенхай
_bполитический роман
_cМ. Домогацких
260 _aМосква
_bСоветский писатель
_c1985
300 _a464 с.
650 _2821
650 _2821
942 _2udc
_cBK
955 _a3